Datum a čas kvízu
23.5
Celkem bodů
Celkový počet nahraných bodů na tomto kvízu bez doplňovacích otázek.
6.
Pořadí na kvízu
Konečné umístění týmu na tomto kvízu.
Zaznamenané odpovědi
| # | Otázka | Odpověď | Body | Výsledky |
|---|---|---|---|---|
| 1. | V sobotu bylo pro veřejnost ot... | Most, též Mostecké jezero | 0 | |
| 2. | V britském městě Ipswich pojme... | Ivan Blatný | 0 | |
| 3. | Den po sobě, ve středu a ve čt... | Hugh Grant, Colin Firth | 0 | |
| 4. | Ve Francii se během celostátní... | rtěnka | 1 | |
| 5. | Srbský tenista Novak Djoković... | Trefil mimo hru čárovou rozhodčí. | 1 | |
| 6. | Nobelova cena je od roku 1901... | ekonomie | 0 | |
| 7. | Pouze dvěma Čechům v historii... | Jaroslav Heyrovský, Jaroslav Seifert | 0 | |
| 8. | Dva laureáti Nobelovy ceny za... | Boris Pasternak, Jean-Paul Sartre | 0 | |
| 9. | Přiřaďte laureáty Nobelových c... | 1B 2D 3C 4A | 0 | |
| 10. | Vyberte nepravdivé tvrzení o p... | C | 0 |